The end of the American era

Đã lưu trong:
Sonraí Bibleagrafaíochta
Príomhúdar: Hacker, Andrew
Formáid: Leabhar
Teanga:Undetermined
Foilsithe: New York Atheneum 1970
Ábhair:
Clibeanna: Cuir Clib Leis
Gan Chlibeanna, Bí ar an gcéad duine leis an taifead seo a chlibeáil!
Thư viện lưu trữ: Trung tâm Học liệu Trường Đại học Cần Thơ
LEADER 00462nam a2200181Ia 4500
001 CTU_82150
008 210402s9999 xx 000 0 und d
082 |a 301.2 
082 |b H118 
100 |a Hacker, Andrew 
245 4 |a The end of the American era 
245 0 |c Andrew Hacker 
260 |a New York 
260 |b Atheneum 
260 |c 1970 
650 |a Civilization 
904 |i Trọng Hải 
980 |a Trung tâm Học liệu Trường Đại học Cần Thơ